00677nam a2200205Ia 4500003000900000008004100009020001800050040001600068080001400084100002500098245009600123260003800219300001500257650004100272650002800313650001800341942000700359999001500366952009000381IN-BaIIA211028s9999 xx 000 0 eng d a0-471-47810-5 cIIA Library a52.3bKIN aKing, Elbert A99816 0aSpace Geologyban introductioncElbert A King  aNew YorkbJohn Wiley & Sonsc1976 axiv, 349p. aAstronomy and Astrophysics Thesaurus aPlanetary Geology99817 aSpace Science cBK c5654d5654 00104070aBANbBANcGENd1977-12-06l0o52.3/ KINp6326r2021-11-05w1977-12-06yBK